Central Library OPAC University of Rajshahi

শতাব্দীর সূর্য : (Record no. 38421)

MARC details
000 -LEADER
fixed length control field 01310nam a2200229 a 4500
001 - CONTROL NUMBER
control field 38421
003 - CONTROL NUMBER IDENTIFIER
rucl marc code BD-RjUL
005 - DATE AND TIME OF LATEST TRANSACTION
control field 20211209052807.0
008 - FIXED-LENGTH DATA ELEMENTS--GENERAL INFORMATION
fixed length control field 151129s1961 ii ||||| |||| 00| 0 ben d
035 ## - SYSTEM CONTROL NUMBER
System control number (BD-RjUL)38526
040 ## - CATALOGING SOURCE
Original cataloging agency BD-RjUL
Language of cataloging eng
Transcribing agency BD-RjUL
Modifying agency BD-RjUL
041 ## - LANGUAGE CODE
Language code of text/sound track or separate title ben
082 ## - DEWEY DECIMAL CLASSIFICATION NUMBER
Edition number 23
Classification number 891.4414
Author mark and year BAS 1961
100 ## - MAIN ENTRY--PERSONAL NAME
Personal name বসু, দক্ষিণারঞ্জন
9 (RLIN) 118675
245 ## - TITLE STATEMENT
Title শতাব্দীর সূর্য :
Remainder of title [কবিগুরু রবীন্দ্রনাথের জীবনী, ধর্ম ও কর্মের আলোচনা]
Statement of responsibility, etc. শ্রীদক্ষিণারঞ্জন বসু
260 ## - PUBLICATION, DISTRIBUTION, ETC. (IMPRINT)
Place of publication, distribution, etc. কলিকাতা :
Name of publisher, distributor, etc. এ, মুখার্জী অ্যান্ড কোং প্রাইভেট লিমিটেড,
Date of publication, distribution, etc. ১৯৬১ [১৩৬৮]
300 ## - PHYSICAL DESCRIPTION
Pagination ২২৭ পৃ. :
Illustrations চিত্র ;
Size ২২ সেমি.
500 ## - GENERAL NOTE
General note A short life of Ravīndranātha Ṭhākura, with appreciation of his accomplishments in literature and art and of his patriotism.
600 ## - SUBJECT ADDED ENTRY--PERSONAL NAME
Personal name ঠাকুর, রবীন্দ্রনাথ
Dates associated with a name ১৮৬১-১৯৪১
Fuller form of name সমালোচনা ও ব্যাখ্যা
Personal name Tagore, Rabindranath
Dates associated with a name 1861-1941
Fuller form of name Criticism and interpretation
942 ## - ADDED ENTRY ELEMENTS (KOHA)
Source of classification or shelving scheme Dewey Decimal Classification
Koha item type Books
Holdings
Lost status Source of classification or shelving scheme Damaged status Not for loan Collection code Permanent Location Current Location Shelving location Date acquired Source of acquisition Cost, normal purchase price Total Checkouts Full call number Date last seen Copy number Koha item type
  Dewey Decimal Classification     Non-fiction Central Library, University of Rajshahi Central Library, University of Rajshahi   10/02/1974 জনাথন ওয়ারেন এন্ড কোং,লন্ডন 5.00   B 891.4414 BAS 1961 29/11/2015 C-2 Books
  Dewey Decimal Classification     Non-fiction Central Library, University of Rajshahi Central Library, University of Rajshahi   14/09/1973 Uttarbanga Library, Rajshahi 5.00   B 891.4414 BAS 1961 28/05/2016 C-3 Books
  Dewey Decimal Classification   Not For Loan Non-fiction Central Library, University of Rajshahi Central Library, University of Rajshahi Reading Room 18/09/1973 K.P. Bagicha and Co., Calcutta 0.00   B 891.4414 BAS 1961 29/05/2016 C-1 Books